Recopa Sudamericana - Estadísticas

Estadísticas generales
  • Esta prueba ha sido intentada 16 veces
  • La puntuación promedio es 24 de 34
Estadísticas de respuestas
% Correcto
Boca Juniors
92%
Flamengo
92%
Palmeiras
92%
Racing Club
92%
River Plate
92%
Botafogo
85%
Colo-Colo
85%
Fluminense
85%
Sao Paulo
85%
Atlético Mineiro
77%
Atlético Nacional
77%
Gremio
77%
Independiente
77%
Lanús
77%
Santos
77%
Corinthians
69%
Defensa y Justicia
69%
Estudiantes LP
69%
Independiente del Valle
69%
Internacional
69%
Nacional (U)
69%
Olimpia
69%
San Lorenzo
69%
Liga de Quito
62%
Vélez Sarsfield
62%
Arsenal
54%
Cienciano
54%
Independiente Santa Fe
54%
Once Caldas
54%
Chapecoense
46%
Cruzeiro
46%
Pachuca
46%
Universidad de Chile
46%
Atlético Paranaense
38%
No se encontraron pruebas coincidentes
Distribución de puntuación
Porcentaje de gente con cada puntuación
Porcentaje por número respondido
Historial de tus puntuaciones
No has intentado esta prueba.